000 00794 a2200265 4500
003 Nust
005 20170207154051.0
010 _a 2008053050
020 _a0203876334 (e-book)
020 _a0415462460 (hbk.)
020 _a0415462479 (pbk.)
020 _a9780203876336 (e-book)
020 _a9780415462464 (hbk.)
020 _a9780415462471 (pbk.)
035 _a(OCoLC)ocn255903080
040 _cNust
082 0 0 _a658.3
245 0 0 _aHuman resource management (E-BOOK)
_ba critical approach /
_cedited by David G. Collings and Geoffrey Wood.
260 _aLondon ;
_aNew York :
_bRoutledge,
_c2009.
300 _axi, 319 p. :
_bill. ;
_c25 cm.
650 0 _aPersonnel management.
651 _aHuman resource management (E-BOOK)
700 1 _aCollings, David G.
700 1 _aWood, G.
942 _2ddc
_cBK
999 _c193133
_d193133